000 00999nam a22002417a 4500
003 OSt
005 20251212195903.0
008 241112b |||||||| |||| 00| 0 eng d
040 _c0
082 _aDPer 647.94068 In821 August-October 2019 v. 81-83
100 _aKarabas, Ismail.
_eauthor.
_963991
245 _aWhy and when witnessing uncivil behavior leads observers to punishment frontline employees and leave the firm /
_cIsmail Karabas, Jeff Joireman, and Shinhye Kim.
260 _aAmsterdam ;
_bElsevier,
_cSeptember 2019.
300 _aVolume 66, pages 91-100 :
_billustration ;
_c28 cm.
500 _aInternational Journal of Hospitality Management, vol. 81, pages 91-100, August 2019.
650 0 _aService failure.
_966609
650 0 _aService recovery.
_966610
650 0 _aUncivil behavior in servicescape.
_966611
700 _aKarabas, Ismail.
_eauthor.
_963991
700 _aJoireman, Jeff.
_eauthor.
_966746
700 _aKim, Shinhye.
_eauthor.
_966747
942 _2ddc
_cPER
999 _c23173
_d23173